Países com 2 nomes - Statistics

Estatísticas Gerais
  • Esse quiz foi jogado 86 vezes
  • A pontuação média é 21 de 28
Estatísticas das Respostas
Continente País % Correto
Oceânia Nova Zelândia
91%
Ásia Coreia do Norte
83%
Oceânia Ilhas Marshall
83%
Ásia Coreia do Sul
82%
América do Norte Estados Unidos
82%
África Guiné Bissau
82%
África Guiné Equatorial
82%
Europa Reino Unido
82%
África África do Sul
80%
América do Norte Costa Rica
80%
Oceânia Ilhas Salomão
80%
Ásia Arábia Saudita
78%
África Sudão do Sul
78%
América do Norte Antígua e Barbuda
77%
África Costa do Marfim
77%
América do Norte República Dominicana
77%
América do Norte Trinidad e Tobago
75%
América do Norte El Salvador
74%
Europa Macedônia do Norte
74%
América do Norte Santa Lúcia
74%
Europa Bósnia e Herzegovina
69%
África Cabo Verde
68%
Europa República Tcheca
68%
Europa San Marino
66%
Ásia Sri Lanka
62%
África Burkina Faso
60%
Europa Países Baixos
57%
Ásia Timor Leste
57%
Nenhum quiz correspondente encontrado
Distribuição das Pontuações
Porcentagem de Pessoas com Cada Pontuação
Percentil de Números Respondidos
Sua Pontuação Histórica
Você não jogou esse quiz